| 000 | 00533nam a2200169 i 4500 | ||
|---|---|---|---|
| 001 | 57789 | ||
| 003 | ES-MaACL | ||
| 005 | 20230906163641.0 | ||
| 007 | t| | ||
| 008 | 031017s1968 sp ||||1| spa d | ||
| 100 | 1 |
_aDubin, Alvin H. _945749 |
|
| 245 | 1 | 0 |
_aL.S.D., S.T.P., ¿... y? En el umbral de un nuevo universo / _cAlvin H. Dubin y José Purcalla Muñoz. |
| 260 |
_aBarcelona : _bOccitania, _c[1968] |
||
| 300 |
_a220 p., 6 lám. ; _c22 cm. |
||
| 700 | 1 |
_aPurcalla Muñoz, José. _994418 |
|
| 852 |
_aES-MaACL _jC-34582 _bR.66514 |
||
| 999 |
_c57789 _d57789 |
||